Guide to effective use of enforcement powers (Record no. 105149)
[ view plain ]
| 000 -LEADER | |
|---|---|
| fixed length control field | 01404cam a2200217 4500 |
| 001 - CONTROL NUMBER | |
| control field | ##L132482 |
| 008 - FIXED-LENGTH DATA ELEMENTS--GENERAL INFORMATION | |
| fixed length control field | 060213n2006 000 0 eng u |
| 035 ## - SYSTEM CONTROL NUMBER | |
| System control number | (Sirsi) u132482 |
| 041 0# - LANGUAGE CODE | |
| Language code of text/sound track or separate title | eng |
| 050 04 - LIBRARY OF CONGRESS CALL NUMBER | |
| Classification number | 711.1 $2 18 |
| 110 1# - MAIN ENTRY--CORPORATE NAME | |
| Corporate name or jurisdiction name as entry element | United Kingdom |
| Subordinate unit | Office of the Deputy Prime Minister: Gypsy and Traveller Unit |
| 9 (RLIN) | 4880 |
| 245 00 - TITLE STATEMENT | |
| Title | Guide to effective use of enforcement powers |
| Remainder of title | part 1 - unauthorised encampments |
| 260 ## - PUBLICATION, DISTRIBUTION, ETC. | |
| Place of publication, distribution, etc. | London |
| Name of publisher, distributor, etc. | ODPM |
| Date of publication, distribution, etc. | 2006 |
| 520 ## - SUMMARY, ETC. | |
| Summary, etc. | Presents guidance to local authority officers and landowners on the options for dealing with incidents of unauthorised camping by gypsies and travellers. The document summarises the powers available to deal with unauthorised encampment and provides advice on choosing the most appropriate power, speeding up the process, keeping costs down, the eviction process and preventing further unauthorised camping. The guidance was produced to meet the government objective to ensure the peaceful co-existence of gypsies and travellers and the settled community. |
| 590 ## - LOCAL NOTE (RLIN) | |
| Local note | IKA140206 |
| 650 24 - SUBJECT ADDED ENTRY--TOPICAL TERM | |
| Topical term or geographic name entry element | CIVIL PROCEDURE RULES PART 55 |
| 650 24 - SUBJECT ADDED ENTRY--TOPICAL TERM | |
| Topical term or geographic name entry element | CRIMINAL JUSTICE AND PUBLIC ORDER ACT 1994 |
| 690 ## - LOCAL SUBJECT ADDED ENTRY--TOPICAL TERM (OCLC, RLIN) | |
| Topical term or geographic name as entry element | ENVIRONMENTAL AND LAND CONSULTANCY-PLANNING AND DEVELOPMENT-DEVELOPMENT CONTROL-PLANNING ENFORCEMENT |
| 856 40 - ELECTRONIC LOCATION AND ACCESS | |
| Uniform Resource Identifier | <a href="https://www.communities.gov.uk/index.asp?id=1163371">https://www.communities.gov.uk/index.asp?id=1163371</a> |
| Public note | View the guidance free of charge at www.dclg.gov.uk... |
| 942 ## - ADDED ENTRY ELEMENTS (KOHA) | |
| Suppress in OPAC | 0 |
| Withdrawn status | Lost status | Source of classification or shelving scheme | Damaged status | Not for loan | Home library | Current library | Shelving location | Date acquired | Total Checkouts | Full call number | Barcode | Date last seen | Copy number | Price effective from | Koha item type |
|---|---|---|---|---|---|---|---|---|---|---|---|---|---|---|---|
| Dewey Decimal Classification | Virtual | Virtual | Online | 13/02/2006 | ONLINE PUBLICATION | 132482-2001 | 06/08/2019 | 1 | 06/08/2019 | Book |